Principales riesgos fiscales de la empresa

Bibliographic Details
Main Author: Orozco-Felgueres Loya, Carlos
Format: eBook
Language:Spanish
Subjects:
Online Access:Acceso restringido

MARC

LEADER 00000nam a22000007a 4500
005 20181102210549.0
007 cr|||| ||||
008 181102s2018 mx |||||s|||| 00||0 spa d
035 |a 22326 
040 |a vLex 
090 |c 8269  |d 8269 
100 1 |a Orozco-Felgueres Loya, Carlos 
245 1 0 |a Principales riesgos fiscales de la empresa  |h [Recurso electrn̤ico] /  |c Carlos Orozco-Felgueres Loya 
256 |a Servicio en ln̕ea 
300 |a 1 recurso electrn̤ico (328 p.) 
506 1 |a Disponible solo en los productos indicados  |d vLex Global  |d vLex Global (Academic Edition, excluding Law Schools)  |d vLex Global (U.S. Academic Edition, Law Schools)  |d vLex Global (U.S. Academic Edition, excluding Law Schools)  |d vLex Global (Academic Edition, Law Schools) 
650 0 4 |a Sociedades  |z Mx̌ico 
650 0 4 |a Derecho Fiscal  |z Mx̌ico 
740 0 |a vLex Libros (Servicio en ln̕ea) 
856 4 0 |u http://vlex.com/source/principales-riesgos-fiscales-empresa-22326  |z Acceso restringido 
942 |c BOOK 
999 0 |a Companies 
999 0 |a Tax Law